000 00545nam a22001817a 4500
005 20251108171732.0
008 250721s1982 xx 000 0 ara d
082 1 4 _aط/956/مغن
100 1 _aمغنيه، أ .م
245 1 0 _aرسول الله وفود العرب /
264 1 _aبيروت :
_bدار الكتاب اللبناني،
_c1982.
300 _a2مج
490 0 _aمجموعة سيرة العرب ؛18
650 1 7 _aأدب الأطفال
650 1 7 _aالتاريخ الإسلامي
942 _2ddc
_cBK
999 _c61185
_d61185